Les mots a redoublement en latin / (Record no. 130567)

MARC details
000 -LEADER
campo de control de longitud fija 00731nam a2200241 i 4500
001 - NÚMERO DE CONTROL
campo de control 130567
003 - IDENTIFICADOR DE NÚMERO DE CONTROL
campo de control ES-MaACL
005 - FECHA Y HORA DE LA ÚLTIMA TRANSACCIÓN
campo de control 20230906193756.0
007 - CAMPO FIJO DE DESCRIPCIÓN FÍSICA--INFORMACIÓN GENERAL
campo de control de longitud fija t|
008 - DATOS DE LONGITUD FIJA--INFORMACIÓN GENERAL
campo de control de longitud fija 070801s1978 fr ||||1| fre d
020 ## - NÚMERO INTERNACIONAL ESTÁNDAR DEL LIBRO
Número Internacional Estándar del Libro 2-252-01916-6
080 ## - NÚMERO DE LA CLASIFICACIÓN DECIMAL UNIVERSAL
Número de la Clasificación Decimal Universal 811.124'37
100 1# - ENTRADA PRINCIPAL--NOMBRE DE PERSONA
Nombre de persona André, Jacques.
9 (RLIN) 21538
245 14 - MENCIÓN DEL TÍTULO
Título Les mots a redoublement en latin /
Mención de responsabilidad, etc. Jacques André.
260 ## - PUBLICACIÓN, DISTRIBUCIÓN, ETC.
Lugar de publicación, distribución, etc. Paris :
Nombre del editor, distribuidor, etc. Éditons Klincksieck,
Fecha de publicación, distribución, etc. 1978.
300 ## - DESCRIPCIÓN FÍSICA
Extensión 118 p. ;
Dimensiones 24 cm.
490 1# - MENCIÓN DE SERIE
Mención de serie Études et commentaires ;
Designación de volumen o secuencia XC
500 ## - NOTA GENERAL
Nota general Biblioteca Jacinto Martínez Lacalle.
650 #4 - PUNTO DE ACCESO ADICIONAL DE MATERIA--TÉRMINO DE MATERIA
Término de materia o nombre geográfico como elemento de entrada Lengua latina-
Subdivisión general Semántica.
9 (RLIN) 14304
830 0# - PUNTO DE ACCESO ADICIONAL DE SERIE-TÍTULO UNIFORME
Título uniforme Études et commentaires ;
Designación de volumen o secuencia XC
9 (RLIN) 188859
852 ## - LOCALIZACIÓN
Ubicación ES-MaACL
Número de control de estantería E-11880
Sublocalización o colección R.139845
Holdings
Estatus retirado Estado de pérdida Estado de daño No para préstamo Biblioteca de origen Biblioteca actual Ubicación en estantería Fecha de adquisición Fuente de adquisición Total de préstamos Signatura topográfica completa Código de barras Visto por última vez Precio de reemplazo Tipo de ítem Koha
        Biblioteca del Ateneo de Madrid Biblioteca del Ateneo de Madrid Depósito 2 17/01/2008     E-11880 1135945 23/02/2023 23/02/2023 Libro impreso